00515nam a22001817a 450000500170000000800410001702000180005804000210007604100080009708200160010510000270012124500790014825000120022726000330023930000100027265000270028270000240030920230125110202.0230125b ||||| |||| 00| 0 eng d a9788195228362 aIN-DiNCcIN-DiNC deng a371.2/bDEK aDeka, Nabanitaeauthor aEducational Administration And Managementcby Nabanita Deka and Lokman Ali a1st ed. aDibrugarh:bBanalata,c2021. a382p. aEducational managemant aAli, Lokmaneauthor